000 004090000a22001450004500
090 _aAR
_b03263
245 1 0 _aBibliografía sobre biodiversidad en sistemas agroforestales
041 0 _aEspañol
650 1 4 _aBibliografías
_993093
650 1 4 _aSistemas de producción
_992252
650 1 4 _aBiodiversidad
_992204
100 1 _aHarvey, Cecilia A.
_996850
942 _cARTICULO
773 1 _tPreprint
_q1-12
_d2001
999 _c12315
_d12315